Normal view
MARC view
Entry Personal Name
001 - CONTROL NUMBER
- control field: 41286
003 - CONTROL NUMBER IDENTIFIER
- control field: OSt
005 - DATE AND TIME OF LATEST TRANSACTION
- control field: 20231027160811.0
008 - FIXED-LENGTH DATA ELEMENTS
- fixed length control field: 231027|| aca||aabn | a|a d
040 ## - CATALOGING SOURCE
- Original cataloging agency: OSt
- Transcribing agency: OSt
100 ## - HEADING--PERSONAL NAME
- Personal name: Khan, Arif and Murmu, Meena
670 ## - SOURCE DATA FOUND
- Source citation: Work cat.: (OSt)522799: Khan, Arif and Murmu, Meena , Review of the treatment of E-waste in India
